Liczby pi po przecinku - Statistics

General Stats
  • This quiz has been taken 29 times
  • The average score is 41 of 225
Answer Stats
Answer % Correct
1
100%
1
100%
2
100%
3
100%
3
100%
4
100%
5
100%
5
100%
5
100%
6
100%
7
100%
8
100%
9
100%
9
100%
9
100%
2
86%
2
86%
3
86%
3
86%
3
86%
4
86%
4
86%
6
86%
6
86%
8
86%
2
71%
3
71%
5
71%
7
71%
8
71%
9
71%
0
57%
1
57%
1
57%
2
57%
3
57%
3
57%
4
57%
6
57%
7
57%
8
57%
8
57%
9
57%
9
57%
9
57%
9
57%
0
43%
1
43%
5
43%
7
43%
2
29%
5
29%
0
14%
0
14%
2
14%
3
14%
4
14%
4
14%
4
14%
5
14%
7
14%
8
14%
9
14%
9
14%
9
14%
0
0%
0
0%
0
0%
0
0%
0
0%
0
0%
0
0%
0
0%
0
0%
0
0%
0
0%
0
0%
0
0%
0
0%
0
0%
0
0%
1
0%
1
0%
1
0%
1
0%
1
0%
1
0%
1
0%
1
0%
1
0%
1
0%
1
0%
1
0%
1
0%
1
0%
1
0%
1
0%
1
0%
2
0%
2
0%
2
0%
2
0%
2
0%
2
0%
2
0%
2
0%
2
0%
2
0%
2
0%
2
0%
2
0%
2
0%
2
0%
2
0%
2
0%
2
0%
2
0%
3
0%
3
0%
3
0%
3
0%
3
0%
3
0%
3
0%
3
0%
3
0%
3
0%
3
0%
3
0%
4
0%
4
0%
4
0%
4
0%
4
0%
4
0%
4
0%
4
0%
4
0%
4
0%
4
0%
4
0%
4
0%
4
0%
4
0%
4
0%
4
0%
4
0%
4
0%
4
0%
5
0%
5
0%
5
0%
5
0%
5
0%
5
0%
5
0%
5
0%
5
0%
5
0%
5
0%
5
0%
5
0%
5
0%
5
0%
5
0%
6
0%
6
0%
6
0%
6
0%
6
0%
6
0%
6
0%
6
0%
6
0%
6
0%
6
0%
6
0%
6
0%
6
0%
6
0%
7
0%
7
0%
7
0%
7
0%
7
0%
7
0%
7
0%
7
0%
7
0%
8
0%
8
0%
8
0%
8
0%
8
0%
8
0%
8
0%
8
0%
8
0%
8
0%
8
0%
8
0%
8
0%
8
0%
8
0%
8
0%
8
0%
8
0%
8
0%
8
0%
8
0%
8
0%
9
0%
9
0%
9
0%
9
0%
9
0%
9
0%
9
0%
9
0%
9
0%
9
0%
9
0%
9
0%
9
0%
9
0%
No matching quizzes found
Score Distribution
Percent of People with Each Score
Percentile by Number Answered
Your Score History
You have not taken this quiz